| 000 | 00801nam a2200205 a 4500 | ||
|---|---|---|---|
| 003 | OSt | ||
| 005 | 20131016132117.0 | ||
| 008 | 131016s2001 ag ||||| |||| 10| 0 spa d | ||
| 040 | _cBiblioteca Medicina | ||
| 041 | _aspa | ||
| 082 | _bCONGRESOS 022 | ||
| 110 | 2 |
_aAsociacion Latinoamericana de Pediatria _92703 |
|
| 245 | 0 | 0 | _a1º Congreso Latinoamericano de Discapacidad en Pediatria; 1º Congreso Argentino de Discapacidad en Pediatria |
| 260 |
_aBUenos Aires _bAsociacion Latinoamericana de Pediatria _bSociedad Argentina de Pediatria _c2001 |
||
| 300 | _a176 p. | ||
| 518 | _aBuenos Aires, Argentina. 13 al 16 de Junio de 2001 | ||
| 653 | _aPEDIATRIA-CONGRESOS-2001 | ||
| 942 |
_2ddc _cPH |
||
| 999 |
_c1795 _d1795 |
||
| 952 |
_40 _00 _bBFM _10 _oCONGRESOS 022 _d2013-10-16 _tEj. 1 _8NFIC _70 _cCR _2ddc _yPH _aBFM |
||